Statistieken voor "Logies" Quiz

Klik hier om de quiz te nemen!

Algemene statistieken

  • Deze quiz is 245 keer genomen
  • De gemiddelde score is 8 van 40

Antwoordstatistieken

De studie van de/hetOlogie% Correct
Leven{Bio}logie
72%
Criminaliteit{Crimino}logie
56%
Hart{Cardio}logie
44%
Virussen{Viro}logie
44%
Aarde{Geo}logie
38%
Techniek{Techno}logie
38%
Kanker{Onco}logie
34%
Huid{Dermato}logie
30%
Water{Hydro}logie
29%
Mensen{Antropo}logie
27%
Gehoor{Audio}logie
27%
Bacteriën{Bacterio}logie
26%
Zenuwen{Neuro}logie
25%
Weer en klimaat{Meteoro}logie
24%
Straling{Radio}logie
24%
Vaccinaties{Vaccino}logie
22%
Verleden{Archeo}logie
21%
Planeten{Planeto}logie
17%
Omgeving en organismen{Eco}logie
15%
Aardbevingen{Seismo}logie
15%
Grotten{Speleo}logie
14%
Verspreiding van ziekten{Epidemio}logie
13%
Medicijnen{Farmaco}logie
12%
Bloed{Hemato}logie
12%
Vergif{Toxico}logie
12%
Fossielen{Paleonto}logie
11%
Ziekte{Patho}logie
11%
Metingen{Metro}logie
9%
Vogels{Ornitho}logie
9%
Zon{Helio}logie
8%
Botten{Osteo}logie
8%
Cellen{Cyto}logie
6%
Geluiden{Fono}logie
6%
Gletsjers{Glacio}logie
6%
Atmosfeer{Aero}logie
5%
Lever{Hepato}logie
5%
Rotsen{Litho}logie
4%
Mond{Stomato}logie
4%
Bomen{Dendro}logie
3%
Classificaties{Typo}logie
1%

Scoreverdeling

Percentiel versus Aantal Correcte Antwoorden

Procent van Mensen met Elke Score

Uw Scoregeschiedenis

U heeft deze quiz nog niet genomen